| 000 | 00645nam a22001817a 4500 | ||
|---|---|---|---|
| 999 |
_c18900 _d18900 |
||
| 003 | AR-CdUCM | ||
| 008 | 190515b ||||| |||| 00| 0 spa d | ||
| 040 |
_aMUNICIPALIDAD PROVINCIAL DEL CUSCO _cBIBLIOTECA MUNICIPAL DEL CUSCO |
||
| 082 |
_a150.19 / _bZ36 |
||
| 100 |
_aZangwill, O. L. _939814 |
||
| 245 | _aIntroducción a la Psicología moderna / | ||
| 260 |
_aMadrid : _bBiblioteca Nueva, _c1962. |
||
| 300 |
_a178 páginas ; _c22 cm. |
||
| 505 | _aLos fundamentos de la psicologia moderna -- Una ojeada a la psicologia experimental procesos sensoriales -- | ||
| 650 |
_aPsicología moderna. _939815 |
||
| 942 |
_2ddc _cLIBROS |
||
| 945 | _awfj | ||